[Event "Dvorkovich Memorial op"]
[Site "Taganrog"]
[Date "2017.01.19"]
[Round "7"]
[White "Yandarbiev, Ruslan"]
[Black "Kochetkov, Victor N"]
[Result "1-0"]
[WhiteElo "2330"]
[BlackElo "1918"]
[PlyCount "94"]
[EventDate "2017.01.13"]
[EventType "swiss"]
[EventRounds "9"]
[EventCountry "RUS"]
[SourceTitle "CBM 176 Extra"]
[Source "ChessBase"]
[SourceDate "2017.03.02"]
[SourceVersion "1"]
[SourceVersionDate "2017.03.02"]
[SourceQuality "1"]

1. e4 d6 2. d4 a6 3. c4 h6 4. Nc3 e6 5. f4 Be7 6. Nf3 Bh4+ 7. Nxh4 Qxh4+ 8. g3 Qd8 9. Bg2 Ne7 10. 0-0 0-0 11. Be3 c6 12. a4 a5 13. Rb1 Na6 14. Qh5 f5 15. d5 Nb4 16. Rbd1 fxe4 17. Bxe4 Nf5 18. Bf2 exd5 19. cxd5 c5 20. g4 Ne7 21. f5 Bd7 22. Bg3 Rf6 23. Qh3 Qb6 24. Bh4 c4+ 25. Kh1 Raf8 26. Bxf6 Rxf6 27. Qg3 Nd3 28. Bxd3 cxd3 29. Qxd3 Qb4 30. Qd4 Qb3 31. Ne4 Rf8 32. Rd3 Qxa4 33. Qxa4 Bxa4 34. Nxd6 Nxd5 35. Rxd5 Bc6 36. Rfd1 Rd8 37. Kg1 Bxd5 38. Rxd5 Kf8 39. Rd2 b5 40. Kf2 Ke7 41. Ne4 Rc8 42. Ke3 b4 43. h4 Rc1 44. g5 hxg5 45. hxg5 a4 46. f6+ gxf6 47. gxf6+ Ke6 1-0

[Event "Dvorkovich Memorial op"]
[Site "Taganrog"]
[Date "2017.01.17"]
[Round "5"]
[White "Gunchenko, Vadim"]
[Black "Kochetkov, Victor N"]
[Result "1-0"]
[WhiteElo "2245"]
[BlackElo "1918"]
[PlyCount "107"]
[EventDate "2017.01.13"]
[EventType "swiss"]
[EventRounds "9"]
[EventCountry "RUS"]
[SourceTitle "CBM 176 Extra"]
[Source "ChessBase"]
[SourceDate "2017.03.02"]
[SourceVersion "1"]
[SourceVersionDate "2017.03.02"]
[SourceQuality "1"]

1. d4 d6 2. c4 h6 3. Nc3 a6 4. e4 e6 5. Be3 Nd7 6. Nf3 c6 7. Be2 Qc7 8. 0-0 e5 9. d5 Ngf6 10. Nd2 Be7 11. Rc1 c5 12. a3 Nf8 13. b4 b6 14. Rb1 Ng6 15. Na4 Nd7 16. Bg4 0-0 17. Bxd7 Bxd7 18. Nxb6 Qxb6 19. bxc5 Qc7 20. c6 Bxc6 21. dxc6 Qxc6 22. Rb6 Qc8 23. Qa4 Rd8 24. Nf3 Nf8 25. Rd1 Nd7 26. Rb2 Nc5 27. Qc2 Qc6 28. Rd5 Nd7 29. Nd2 Rdb8 30. f3 Rxb2 31. Qxb2 Rb8 32. Qc2 Qb7 33. Rd3 Qc6 34. Rd5 Bd8 35. Qd3 Bc7 36. c5 Nxc5 37. Bxc5 dxc5 38. Nc4 a5 39. h3 a4 40. Qe3 Rb5 41. Kh2 f5 42. Qd2 fxe4 43. fxe4 Qf6 44. Rd7 Bb8 45. Qd5+ Kh7 46. Rf7 Qg6 47. Rf8 Qg5 48. Qg8+ Kg6 49. Rf5 Qe7 50. Ne3 c4 51. Nd5 Rxd5 52. Qxd5 c3 53. Qd3 Qxa3 54. Qg3+ 1-0

[Event "Dvorkovich Memorial op"]
[Site "Taganrog"]
[Date "2017.01.15"]
[Round "3"]
[White "Demianjuk, Alexander"]
[Black "Kochetkov, Victor N"]
[Result "1-0"]
[WhiteElo "2289"]
[BlackElo "1918"]
[PlyCount "133"]
[EventDate "2017.01.13"]
[EventType "swiss"]
[EventRounds "9"]
[EventCountry "RUS"]
[SourceTitle "CBM 176 Extra"]
[Source "ChessBase"]
[SourceDate "2017.03.02"]
[SourceVersion "1"]
[SourceVersionDate "2017.03.02"]
[SourceQuality "1"]

1. Nf3 f5 2. g3 g6 3. Bg2 Bg7 4. d3 Nf6 5. 0-0 d6 6. c3 c6 7. Nbd2 0-0 8. e4 fxe4 9. dxe4 h6 10. Re1 Qb6 11. Qe2 Nbd7 12. a4 Kh7 13. Nc4 Qc7 14. Qc2 Ne5 15. Nfxe5 dxe5 16. h3 Be6 17. Qe2 Rad8 18. a5 g5 19. Be3 c5 20. Rad1 Rxd1 21. Rxd1 b5 22. axb6 axb6 23. Bc1 Rb8 24. Ne3 Bb3 25. Re1 e6 26. Qb5 c4 27. Nf1 Qd7 28. Qxd7 Nxd7 29. Be3 b5 30. Nd2 Ba4 31. Ra1 Ra8 32. Bf1 Rb8 33. Nxc4 Bf8 34. Nd2 Nc5 35. c4 b4 36. b3 Be8 37. Ra7+ Kg6 38. f4 gxf4 39. gxf4 exf4 40. Bxf4 Rd8 41. Rc7 e5 42. Be3 Ne6 43. Rb7 Bc5 44. Bxc5 Nxc5 45. Rb6+ Kg5 46. Nf3+ Kf4 47. Rf6+ Ke3 48. Nxe5 Nxe4 49. Rf3+ Kd2 50. Nd3 Bh5 51. Rf5 Rg8+ 52. Kh2 Ng5 53. Ne5 Bd1 54. c5 Bxb3 55. c6 Be6 56. Rf2+ Kc3 57. h4 Ne4 58. Rf4 Nd2 59. Bd3 b3 60. c7 b2 61. Rf6 Bd5 62. Bg6 b1Q 63. Bxb1 Nxb1 64. Rb6 Nd2 65. Ng6 Nc4 66. Rb8 Nd6 67. Ne7 1-0

[Event "Chigorin Memorial 23rd"]
[Site "St Petersburg"]
[Date "2015.10.11"]
[Round "9"]
[White "Kochetkov, Victor N"]
[Black "Tskhadadze, Anna"]
[Result "1-0"]
[WhiteElo "1853"]
[BlackElo "1988"]
[PlyCount "139"]
[EventDate "2015.10.03"]
[EventType "swiss"]
[EventRounds "9"]
[EventCountry "RUS"]
[SourceTitle "CBM 168 Extra"]
[Source "ChessBase"]
[SourceDate "2015.10.29"]
[SourceVersion "1"]
[SourceVersionDate "2015.10.29"]
[SourceQuality "1"]

1. Nc3 d5 2. d4 Nf6 3. e3 e6 4. a3 Be7 5. Bd3 0-0 6. Nf3 Nbd7 7. Ne5 c5 8. 0-0 c4 9. Be2 Nxe5 10. dxe5 Nd7 11. f4 a6 12. Bf3 b5 13. Ne2 Qb6 14. Kh1 Bb7 15. Nd4 a5 16. c3 b4 17. Bd2 f6 18. Bg4 f5 19. Bh3 Nc5 20. g4 Nb3 21. Rb1 Nxd4 22. exd4 b3 23. Rg1 Kh8 24. Qf3 Rad8 25. Rg2 Bc8 26. gxf5 exf5 27. Qh5 g6 28. Qh6 Rg8 29. Be1 Qe6 30. Bh4 Bxh4 31. Qxh4 Rdf8 32. Qh6 Qf7 33. Rbg1 Re8 34. Rg3 Re6 35. Rg5 Rb6 36. Bg2 Bb7 37. Bf3 Qg7 38. Qh3 Qf7 39. Re1 Re6 40. Qg2 Ree8 41. h4 Qe6 42. Kg1 Kg7 43. h5 Kf7 44. hxg6+ hxg6 45. Kf2 Rh8 46. Rh1 Rxh1 47. Qxh1 Kg7 48. Rg3 Rh8 49. Rh3 Rxh3 50. Qxh3 Qe7 51. Qg3 Bc6 52. Ke3 Qd8 53. Qg2 Qh4 54. Qf2 Qe7 55. Qg3 Qd8 56. Kd2 Qg8 57. Qg5 Qf8 58. Ke2 Bb7 59. Kf2 Bc6 60. Qh4 a4 61. Kg2 Bb7 62. Qe1 Qe7 63. e6 g5 64. Qe5+ Kg6 65. Bxd5 gxf4 66. Bxb7 Qg5+ 67. Kf1 Qg3 68. e7 Qd3+ 69. Qe2 Qb1+ 70. Kf2 1-0

[Event "Chigorin Memorial 23rd"]
[Site "St Petersburg"]
[Date "2015.10.10"]
[Round "8"]
[White "Kuznetsov, Felix"]
[Black "Kochetkov, Victor N"]
[Result "1-0"]
[WhiteElo "2074"]
[BlackElo "1853"]
[PlyCount "49"]
[EventDate "2015.10.03"]
[EventType "swiss"]
[EventRounds "9"]
[EventCountry "RUS"]
[SourceTitle "CBM 168 Extra"]
[Source "ChessBase"]
[SourceDate "2015.10.29"]
[SourceVersion "1"]
[SourceVersionDate "2015.10.29"]
[SourceQuality "1"]

1. e4 a6 2. c4 d6 3. Nc3 c6 4. g3 e5 5. Bg2 Be7 6. Nf3 h6 7. d4 Qc7 8. Be3 b5 9. cxb5 axb5 10. 0-0 Nf6 11. Rc1 Ba6 12. Nd5 Qb7 13. dxe5 cxd5 14. exf6 Bxf6 15. e5 Bd8 16. Nh4 Nd7 17. Bxd5 Qb8 18. e6 Ne5 19. exf7+ Nxf7 20. Bc6+ Kf8 21. Ng6+ Kg8 22. Nxh8 Kxh8 23. Qd5 Ra7 24. Bxa7 Qxa7 25. Rfe1 1-0

[Event "Kimry-ch"]
[Site "Kimry"]
[Date "2015.01.05"]
[Round "7"]
[White "Kochetkov, Victor N"]
[Black "Kuryshkin, Anatoliy"]
[Result "1/2-1/2"]
[WhiteElo "1919"]
[BlackElo "1937"]
[PlyCount "124"]
[EventDate "2015.01.02"]
[EventType "swiss"]
[EventRounds "9"]
[EventCountry "RUS"]
[SourceTitle "CBM 164 Extra"]
[Source "ChessBase"]
[SourceDate "2015.03.02"]
[SourceVersion "1"]
[SourceVersionDate "2015.03.02"]
[SourceQuality "1"]

1. Nc3 d5 2. d4 Nf6 3. Nf3 g6 4. Bg5 Bg7 5. Bxf6 Bxf6 6. e4 dxe4 7. Nxe4 Bg7 8. c3 0-0 9. Bc4 Nd7 10. 0-0 e5 11. d5 Nb6 12. Bb3 a5 13. a4 Kh8 14. Qd2 Bg4 15. c4 Bxf3 16. gxf3 Qh4 17. Qg5 Qxg5+ 18. Nxg5 Nd7 19. Rab1 h6 20. Ne4 f5 21. Nd2 Nc5 22. Bc2 Na6 23. b3 Rad8 24. Rfd1 Nb4 25. Rbc1 Na2 26. Ra1 Nc3 27. Re1 c6 28. Bd3 cxd5 29. Bf1 e4 30. Rac1 Na2 31. Rc2 Nb4 32. Rcc1 Bb2 33. Rb1 Bc3 34. Red1 Bxd2 35. Rxd2 dxc4 36. Rxd8 Rxd8 37. Bxc4 exf3 38. h3 Kg7 39. Rc1 Kf6 40. Rc3 Rd1+ 41. Kh2 Nc6 42. Rxf3 Ne5 43. Rc3 Nxc4 44. Rxc4 Rd3 45. b4 axb4 46. Rxb4 Ra3 47. Kg2 Kg5 48. h4+ Kh5 49. f3 Ra2+ 50. Kg3 b6 51. Rf4 Rb2 52. Kh3 Rb1 53. Kg3 b5 54. axb5 Rxb5 55. Ra4 Rb1 56. Kg2 g5 57. hxg5 Kxg5 58. Kg3 h5 59. Rc4 Rb3 60. Ra4 Rb1 61. Rc4 Rh1 62. f4+ Kf6 1/2-1/2

[Event "Kimry-ch"]
[Site "Kimry"]
[Date "2015.01.04"]
[Round "5"]
[White "Nagaytseva, Marina"]
[Black "Kochetkov, Victor N"]
[Result "1-0"]
[WhiteElo "1548"]
[BlackElo "1919"]
[PlyCount "123"]
[EventDate "2015.01.02"]
[EventType "swiss"]
[EventRounds "9"]
[EventCountry "RUS"]
[SourceTitle "CBM 164 Extra"]
[Source "ChessBase"]
[SourceDate "2015.03.02"]
[SourceVersion "1"]
[SourceVersionDate "2015.03.02"]
[SourceQuality "1"]

1. e4 d5 2. exd5 Qxd5 3. Nf3 Bg4 4. Be2 c6 5. Nc3 Qd6 6. 0-0 Nf6 7. d4 h5 8. Ne5 Bxe2 9. Nxe2 Nfd7 10. Nc4 Qb4 11. Qd3 Nb6 12. Ne5 N8d7 13. Rd1 e6 14. c3 Qb5 15. Qxb5 cxb5 16. Nd3 Be7 17. Ng3 Rc8 18. Ne4 f6 19. Nf4 Kf7 20. Re1 e5 21. Ne2 g5 22. dxe5 Nxe5 23. Nd4 Nd3 24. Re2 Nxc1 25. Rxc1 a6 26. Nf5 Rc7 27. Nxe7 Rxe7 28. Nd6+ Kf8 29. Rxe7 Kxe7 30. Nxb7 Rc8 31. Na5 b4 32. Nb3 Na4 33. cxb4 Rxc1+ 34. Nxc1 Nxb2 35. Kf1 Kd6 36. Ke2 Kc6 37. Kd2 Kb5 38. Kc2 Nc4 39. Nd3 Nd6 40. Kb3 f5 41. a4+ Kb6 42. Ne5 Ne4 43. Nc4+ Kc6 44. f3 Nf6 45. Ne3 f4 46. Nf5 Nd5 47. Nd4+ Kd6 48. b5 axb5 49. Nxb5+ Kc5 50. Nc3 Ne3 51. Ne4+ Kb6 52. Nxg5 Nxg2 53. Kb4 Ne3 54. a5+ Ka6 55. h3 Nc2+ 56. Kc3 Ne1 57. Kd4 Kxa5 58. Ke4 Ng2 59. Ne6 h4 60. Nxf4 Ne1 61. Ng6 Ng2 62. f4 1-0

[Event "Kostroma Volga Cup op"]
[Site "Kostroma"]
[Date "2010.07.??"]
[Round "1"]
[White "Kochetkov, Victor N"]
[Black "Smirnova, Tatiana"]
[Result "1-0"]
[WhiteElo "2029"]
[BlackElo "1740"]
[PlyCount "84"]
[EventDate "2010.07.??"]
[EventType "swiss"]
[EventRounds "9"]
[EventCountry "RUS"]
[SourceTitle "EXT 2011"]
[Source "ChessBase"]
[SourceDate "2010.11.26"]
[SourceVersion "1"]
[SourceVersionDate "2010.11.26"]
[SourceQuality "1"]

1. Nc3 e5 2. Nf3 Nc6 3. d4 exd4 4. Nxd4 Bc5 5. e3 Nf6 6. Be2 d6 7. 0-0 0-0 8. Na4 Bxd4 9. exd4 Re8 10. Nc3 h6 11. Be3 Bf5 12. g4 Bg6 13. Qd2 Ne4 14. Nxe4 Bxe4 15. f3 Bg6 16. Bf2 Qf6 17. c3 Re7 18. d5 Ne5 19. f4 Nd7 20. f5 Bh7 21. Rae1 Rae8 22. Bb5 Rxe1 23. Rxe1 Rxe1+ 24. Qxe1 Ne5 25. Be2 Qg5 26. h4 Qf4 27. Bd1 Kf8 28. Qe2 h5 29. Kg2 Qxg4+ 30. Qxg4 Nxg4 31. Bxa7 Ke7 32. Bd4 Bxf5 33. Kg3 f6 34. Kf4 Bd7 35. b4 g6 36. a4 Ne5 37. Bc2 Kf7 38. a5 Bb5 39. Bb3 Nd3+ 40. Ke3 Nc1 41. c4 Bd7 42. Bd1 Na2 1-0

[Event "Voronezh op-B"]
[Site "Voronezh"]
[Date "2008.06.17"]
[Round "6"]
[White "Zhukov, Viktor Andreevich"]
[Black "Kochetkov, Victor N"]
[Result "1-0"]
[WhiteElo "2242"]
[BlackElo "2057"]
[PlyCount "59"]
[EventDate "2008.06.12"]
[EventType "swiss"]
[EventRounds "9"]
[EventCountry "RUS"]
[SourceTitle "CBM 125 Extra"]
[Source "ChessBase"]
[SourceDate "2008.09.01"]
[SourceVersion "1"]
[SourceVersionDate "2008.09.01"]
[SourceQuality "1"]

1. e4 d5 2. exd5 Qxd5 3. Nc3 Qd6 4. d4 g6 5. Nf3 Bg7 6. Nb5 Qd8 7. Bf4 Na6 8. Bc4 Nf6 9. Qd2 0-0 10. 0-0-0 c6 11. Nc3 b5 12. Bb3 Bb7 13. h4 b4 14. Na4 h5 15. Ne5 Nd5 16. Bh6 Qd6 17. g4 hxg4 18. h5 Bxe5 19. dxe5 Qxe5 20. hxg6 Rfe8 21. Be3 fxg6 22. Bd4 Qf5 23. Qh6 e5 24. Qh7+ Kf8 25. Qxb7 Ndc7 26. Be3 Qf3 27. Nc5 Rad8 28. Nxa6 Rxd1+ 29. Rxd1 Nxa6 30. Bh6# 1-0

[Event "Volgodonsk op"]
[Site "Volgodonsk"]
[Date "2007.07.19"]
[Round "1"]
[White "Gusarchuk, Aleksei"]
[Black "Kochetkov, Victor N"]
[Result "1-0"]
[WhiteElo "2330"]
[BlackElo "2069"]
[PlyCount "105"]
[EventDate "2007.07.19"]
[EventType "swiss"]
[EventRounds "9"]
[EventCountry "RUS"]
[SourceTitle "EXT 2010"]
[Source "ChessBase"]
[SourceDate "2010.11.25"]
[SourceVersion "1"]
[SourceVersionDate "2010.11.25"]
[SourceQuality "1"]

1. d4 Nf6 2. c4 e6 3. Nf3 d5 4. e3 Be7 5. Bd3 0-0 6. 0-0 Nbd7 7. b3 Ne4 8. Bb2 f5 9. Nc3 c6 10. Bxe4 fxe4 11. Nd2 Bg5 12. Qe2 Qe8 13. f3 Qh5 14. Rae1 Bh4 15. fxe4 Rxf1+ 16. Rxf1 Qxe2 17. Nxe2 dxc4 18. bxc4 Bg5 19. Nf4 Nb6 20. Ba3 Bd7 21. Rb1 Bc8 22. Rb3 Kf7 23. c5 Nd7 24. Nc4 Be7 25. Nd3 Rb8 26. Rb1 Ke8 27. Nf4 Nf6 28. e5 Ne4 29. Rb3 Bd8 30. Nd3 b5 31. cxb6 axb6 32. Nc5 Nxc5 33. Bxc5 b5 34. Nd6+ Kd7 35. e4 Be7 36. Ra3 Bxd6 37. Bxd6 Rb7 38. Rf3 c5 39. Bxc5 Kc6 40. Rf8 Rb8 41. a3 g6 42. g4 Ra8 43. Kf2 Bb7 44. Rf7 Rh8 45. Rg7 Bc8 46. Ke3 Bd7 47. Kf4 Be8 48. h4 Bd7 49. Kg5 Kc7 50. Kh6 Kd8 51. Rf7 Bc6 52. Kg7 Re8 53. Bb6+ 1-0

[Event "Voronezh op-B 11th"]
[Site "Voronezh"]
[Date "2007.06.12"]
[Round "1"]
[White "Kochetkov, Victor N"]
[Black "Mitkov, Alexander"]
[Result "0-1"]
[WhiteElo "2071"]
[BlackElo "2145"]
[PlyCount "66"]
[EventDate "2007.06.12"]
[EventType "swiss"]
[EventRounds "9"]
[EventCountry "RUS"]
[SourceTitle "EXT 2010"]
[Source "ChessBase"]
[SourceDate "2010.11.25"]
[SourceVersion "1"]
[SourceVersionDate "2010.11.25"]
[SourceQuality "1"]

1. Nc3 Nf6 2. d4 d5 3. Nf3 e6 4. Bg5 Be7 5. Qd2 Nbd7 6. e3 b6 7. Bb5 c5 8. Bc6 Rb8 9. Bf4 Ba6 10. Bxb8 Qxb8 11. Ne5 Qc7 12. Nb5 Qb8 13. g4 Bc8 14. f4 Ne4 15. Qg2 cxd4 16. exd4 Bh4+ 17. Ke2 f6 18. Nd3 a6 19. Nc3 Qc7 20. Nxe4 Qxc6 21. Nc3 Qc4 22. Qh3 g5 23. Qe3 e5 24. fxe5 fxe5 25. Rhf1 Kd8 26. Kd2 exd4 27. Qe6 dxc3+ 28. bxc3 Re8 29. Qf5 d4 30. cxd4 Qxd4 31. Rad1 Nc5 32. Qf7 Ne4+ 33. Ke2 Bxg4+ 0-1

[Event "RUS-Cup04"]
[Site "Samara"]
[Date "2002.08.01"]
[Round "7"]
[White "Kochetkov, Victor N"]
[Black "Doluhanova, Evgeniya"]
[Result "0-1"]
[WhiteElo "2161"]
[BlackElo "2097"]
[PlyCount "61"]
[EventDate "2002.07.26"]
[EventType "swiss"]
[EventRounds "9"]
[EventCountry "RUS"]
[SourceTitle "CBM 089 Extra"]
[Source "ChessBase"]
[SourceDate "2002.09.10"]
[SourceVersion "2"]
[SourceVersionDate "2002.09.10"]
[SourceQuality "1"]

1. Nc3 d5 2. d4 e6 3. Nf3 Nf6 4. Bg5 Be7 5. Bxf6 Bxf6 6. e4 dxe4 7. Nxe4 0-0 8. c3 Nd7 9. Qc2 b6 10. h4 Re8 11. Bb5 a6 12. Bc6 Rb8 13. 0-0-0 b5 14. Neg5 g6 15. Ne4 Bg7 16. h5 Bb7 17. hxg6 hxg6 18. Bxb7 Rxb7 19. Neg5 b4 20. Qe4 Rb5 21. Qf4 Rf5 22. Qd2 bxc3 23. bxc3 Qe7 24. Kb1 Nb6 25. Ka1 c5 26. g4 Rd5 27. Rh7 cxd4 28. Rxg7+ Kxg7 29. Rh1 Rh8 30. Rxh8 Kxh8 31. c4 0-1

[Event "RUS-Cup04"]
[Site "Samara"]
[Date "2002.07.29"]
[Round "4"]
[White "Luchkin, Alexander"]
[Black "Kochetkov, Victor N"]
[Result "1/2-1/2"]
[WhiteElo "2191"]
[BlackElo "2161"]
[PlyCount "151"]
[EventDate "2002.07.26"]
[EventType "swiss"]
[EventRounds "9"]
[EventCountry "RUS"]
[SourceTitle "CBM 089 Extra"]
[Source "ChessBase"]
[SourceDate "2002.09.10"]
[SourceVersion "2"]
[SourceVersionDate "2002.09.10"]
[SourceQuality "1"]

1. e4 c5 2. Nc3 Nc6 3. f4 e6 4. Nf3 Be7 5. Bb5 Qc7 6. d3 Nd4 7. Bc4 a6 8. a4 d6 9. Nxd4 cxd4 10. Ne2 Bf6 11. Ng3 g6 12. 0-0 h5 13. f5 h4 14. fxe6 Bxe6 15. Bxe6 fxe6 16. Ne2 g5 17. Bd2 0-0-0 18. c3 Qb6 19. cxd4 Bxd4+ 20. Kh1 Bf6 21. Rc1+ Kb8 22. Qc2 Rh7 23. d4 Rg7 24. Be3 h3 25. gxh3 d5 26. exd5 exd5 27. Bf2 Qc6 28. Ng1 Nh6 29. Bg3+ Ka8 30. Rxf6 Qxf6 31. Be5 Qg6 32. Bxg7 Qxg7 33. Qc7 Qf8 34. Rf1 Qe8 35. Re1 Qf8 36. Re7 Rb8 37. b4 Ng8 38. Re5 Qf4 39. Qc3 g4 40. b5 gxh3 41. Nxh3 Qf1+ 42. Ng1 Nf6 43. Qf3 Qxf3+ 44. Nxf3 axb5 45. axb5 Ka7 46. Re6 Ne4 47. h4 Rg8 48. Kh2 Nc3 49. Rd6 Nxb5 50. Rxd5 Nc3 51. Rg5 Rf8 52. Ne5 Rf2+ 53. Kh3 Ne2 54. Rg4 Rf5 55. Rg5 Rf2 56. Ng4 Rf3+ 57. Kg2 Rd3 58. d5 Nf4+ 59. Kf1 Nxd5 60. h5 Nf4 61. h6 Rd1+ 62. Kf2 Nh3+ 63. Ke2 Nxg5 64. Kxd1 Kb6 65. Kd2 Kc5 66. Ke3 Kd6 67. Kf4 Nh7 68. Kf5 Ke7 69. Kg6 Nf8+ 70. Kg7 Ne6+ 71. Kg8 Ng5 72. Ne5 Kf6 73. Nf3 Kg6 74. Nxg5 Kxh6 75. Kf7 Kxg5 76. Ke6 1/2-1/2

[Event "RUS-Cup04"]
[Site "Samara"]
[Date "2002.07.27"]
[Round "2"]
[White "Yandarbiev, Ruslan"]
[Black "Kochetkov, Victor N"]
[Result "1-0"]
[WhiteElo "2357"]
[BlackElo "2161"]
[PlyCount "113"]
[EventDate "2002.07.26"]
[EventType "swiss"]
[EventRounds "9"]
[EventCountry "RUS"]
[SourceTitle "CBM 089 Extra"]
[Source "ChessBase"]
[SourceDate "2002.09.10"]
[SourceVersion "2"]
[SourceVersionDate "2002.09.10"]
[SourceQuality "1"]

1. e4 c5 2. Nf3 Qc7 3. Nc3 Nc6 4. d4 cxd4 5. Nxd4 e6 6. g3 d6 7. Bg2 Be7 8. 0-0 Bd7 9. Nxc6 Bxc6 10. Qg4 Bf6 11. a4 h5 12. Qe2 Bxc3 13. bxc3 Nf6 14. a5 h4 15. g4 h3 16. Bh1 Rh4 17. f3 Bxe4 18. fxe4 Rxg4+ 19. Kf2 Qc6 20. Rb1 Nxe4+ 21. Bxe4 Rxe4 22. Qb5 0-0-0 23. Qxc6+ bxc6 24. Rg1 g6 25. Rb4 Re5 26. Rg5 Rxg5 27. Bxg5 Rh8 28. Rh4 Rxh4 29. Bxh4 e5 30. Kg3 Kd7 31. Kxh3 a6 32. Kg4 Ke6 33. Kg5 d5 34. Bf2 Ke7 35. Bc5+ Ke6 36. h3 e4 37. Bf2 Ke5 38. h4 Ke6 39. Bg3 Ke7 40. Kf4 f6 41. c4 Ke6 42. Bf2 g5+ 43. hxg5 fxg5+ 44. Kxg5 Ke5 45. cxd5 cxd5 46. c3 Ke6 47. Kf4 Kf6 48. Ke3 Ke6 49. Kd4 Kd6 50. Bg3+ Kc6 51. Bf4 Kb5 52. Kxd5 Kxa5 53. c4 Kb6 54. c5+ Kb7 55. c6+ Kc8 56. Kxe4 a5 57. Kd4 1-0

[Event "St Petersburg op"]
[Site "St Petersburg"]
[Date "2002.??.??"]
[Round "9"]
[White "Kochetkov, Victor N"]
[Black "Bogdanov, Aleksey"]
[Result "1-0"]
[WhiteElo "2161"]
[BlackElo "2177"]
[PlyCount "59"]
[EventDate "2002.??.??"]
[EventType "swiss"]
[EventRounds "9"]
[EventCountry "RUS"]
[SourceTitle "EXT 2006"]
[Source "ChessBase"]
[SourceDate "2005.11.24"]
[SourceVersion "1"]
[SourceVersionDate "2005.11.24"]
[SourceQuality "1"]

1. Nc3 d6 2. d4 g6 3. Bg5 Bg7 4. e3 c5 5. Bb5+ Bd7 6. Bc4 Nc6 7. Nge2 cxd4 8. exd4 Nf6 9. 0-0 0-0 10. Bxf6 Bxf6 11. Ne4 Bg7 12. c3 Rc8 13. Bb3 b5 14. f4 Na5 15. N2g3 Nxb3 16. Qxb3 Qb6 17. Kh1 b4 18. f5 Bh6 19. Rad1 bxc3 20. Qxb6 axb6 21. Nxc3 Bc6 22. d5 Bb7 23. f6 exf6 24. Nge4 f5 25. Nxd6 Rc7 26. Rfe1 Bg7 27. Ne8 Rd7 28. d6 Kh8 29. Na4 Rd8 30. Nxg7 1-0

[Event "St Petersburg op"]
[Site "St Petersburg"]
[Date "2002.??.??"]
[Round "5"]
[White "Kochetkov, Victor N"]
[Black "Zakharov, Yuri Vasilievich"]
[Result "0-1"]
[WhiteElo "2161"]
[BlackElo "2052"]
[PlyCount "134"]
[EventDate "2002.??.??"]
[EventType "swiss"]
[EventRounds "9"]
[EventCountry "RUS"]
[SourceTitle "EXT 2006"]
[Source "ChessBase"]
[SourceDate "2005.11.24"]
[SourceVersion "1"]
[SourceVersionDate "2005.11.24"]
[SourceQuality "1"]

1. Nc3 d5 2. d4 Nf6 3. Nf3 g6 4. Bg5 Bg7 5. Bxf6 exf6 6. g3 0-0 7. Bg2 c6 8. Qd2 Nd7 9. 0-0 Nb6 10. b3 Re8 11. Rfe1 f5 12. a4 a5 13. Rac1 Nd7 14. Nd1 Nf6 15. c4 Ne4 16. Qd3 Be6 17. e3 dxc4 18. bxc4 Bf8 19. Re2 Rb8 20. Nd2 Nc5 21. Qc2 Na6 22. Nb3 Nb4 23. Qb1 b6 24. Rd2 Rc8 25. Nb2 h5 26. Rcd1 h4 27. d5 cxd5 28. cxd5 Bd7 29. Nd4 Qf6 30. d6 hxg3 31. hxg3 Red8 32. Bf1 Nd5 33. Ne2 Nb4 34. Nf4 Rb8 35. Bc4 Rbc8 36. Bb3 Rc3 37. Nbd3 Bc6 38. Nxb4 axb4 39. d7 Be4 40. Qa2 Bc5 41. Bd5 Rxd7 42. Bxe4 Rxd2 43. Qxd2 fxe4 44. Nd5 Qd8 45. Nxc3 Qxd2 46. Rxd2 bxc3 47. Rc2 Bb4 48. Kf1 Kf8 49. Ke1 Ke7 50. Kd1 Kd6 51. Rc1 Ke5 52. Kc2 Kf5 53. Kb3 Ba5 54. Kc4 Kg4 55. Rc2 f5 56. Kd5 g5 57. Kd4 Kf3 58. Kc4 Kg4 59. Kb3 Kf3 60. Ra2 Kg4 61. Kc2 Kf3 62. Kd1 Bb4 63. Rc2 Ba5 64. Ke1 Bb4 65. Kf1 Ba5 66. Rc1 Bb4 67. Rd1 Ba3 0-1